| 000 | 02398cam a2200325 4500500 | ||
|---|---|---|---|
| 005 | 20251228052216.0 | ||
| 041 | _afre | ||
| 042 | _adc | ||
| 100 | 1 | 0 |
_aPadar, Pınar _eauthor |
| 700 | 1 | 0 |
_aErkay Sala, Gizem _eauthor |
| 245 | 0 | 0 | _aTu es la grande sœur, montre l’exemple |
| 260 | _c2024. | ||
| 500 | _a58 | ||
| 520 | _aA woman’s desire to have a child plunges her into a world of conflict. Where she has not been able to complete a psychic separation from her mother, her feminine identification remains under maternal rule. Unconscious feelings of guilt about wanting to bring a child into the world focus first on the mother, then turn to the first child and may affect sibling relationships. This paper sets out to understand the particular position of the elder daughter, who later becomes anxious, especially when it comes to managing her relationships with her siblings and her parents. Elucidating these mechanisms is a way of untangling the emotional knots within the sibling group. | ||
| 520 | _aLe désir d’une femme d’avoir un enfant la précipite dans un monde conflictuel. Quand elle n’a pas été en mesure de mener à son terme une séparation psychique avec la mère, son identification féminine demeure sous le joug maternel. Les sentiments inconscients de culpabilité, en raison de la volonté de mettre au monde un enfant, se concentrent en premier lieu sur la mère puis s’orientent vers le premier enfant et retentissent le cas échéant sur les relations fraternelles. L’article s’attelle à la compréhension de la position particulière de la fille aînée qui deviendra une femme anxieuse, notamment concernant la gestion de ses relations au sein de la fratrie mais également avec ses parents. Élucider ces mécanismes constitue un moyen de démêler les nœuds émotionnels présents au sein de la fratrie. | ||
| 690 | _aaînée | ||
| 690 | _afantasmes œdipiens | ||
| 690 | _aFratrie | ||
| 690 | _aidentification féminine | ||
| 690 | _arelation symbiotique | ||
| 690 | _asœur | ||
| 690 | _aelder | ||
| 690 | _afemale identification | ||
| 690 | _aOedipal fantasies | ||
| 690 | _aSiblings | ||
| 690 | _asister | ||
| 690 | _asymbiotic relationship | ||
| 786 | 0 | _nDialogue | 246 | 4 | 2024-11-29 | p. 29-40 | 0242-8962 | |
| 856 | 4 | 1 | _uhttps://shs.cairn.info/revue-dialogue-2024-4-page-29?lang=fr&redirect-ssocas=7080 |
| 999 |
_c1583039 _d1583039 |
||